Map of the US Without 10 Random States - Statistics

General Stats
  • This quiz has been taken 414 times
  • The average score is 9 of 10
Answers on the Map
Answers color-coded by a green-red scale on the quiz's map according to % correct below.
 
Answer Stats
Answer % Correct
California
100%
Iowa
100%
Kentucky
100%
Nevada
100%
New York
100%
North Carolina
100%
Oklahoma
100%
Pennsylvania
100%
South Carolina
100%
Texas
100%
Washington
100%
Maryland
98%
Nebraska
98%
Alabama
97%
Arizona
97%
Hawaii
97%
Idaho
97%
Illinois
97%
Indiana
97%
Louisiana
97%
North Dakota
97%
Tennessee
97%
West Virginia
97%
Arkansas
96%
Colorado
96%
South Dakota
96%
Florida
95%
Minnesota
95%
Mississippi
95%
Georgia
94%
Missouri
94%
Vermont
94%
Wisconsin
94%
Kansas
93%
Oregon
93%
Utah
93%
Michigan
92%
Montana
92%
New Hampshire
92%
Ohio
92%
Virginia
92%
Wyoming
92%
New Jersey
91%
New Mexico
91%
Alaska
90%
Maine
87%
Rhode Island
86%
Connecticut
83%
Delaware
76%
Montana
35%
No matching quizzes found
Score Distribution
Percent of People with Each Score
Percentile by Number Answered
Your Score History
You have not taken this quiz